Responses for Show #5471 - Monday, May 26, 2008

Larissa Kelly game 5.

Contestants

[<< previous game]

John Owens, an ER physician from South Haven, Michigan

Heather Vance, a mastering technician from Asheville, North Carolina

Larissa Kelly, a grad student from El Cerrito, California (whose 4-day cash winnings total $146,197)

[next game >>]

Jeopardy! Round responses

AMERICAN HISTORY
HEAVYWEIGHTS
ART-PODGE
WEIGHTS & MEASURES
QUOTATIONS
GET A "CL"UE!
    $200 7
Georgia

Larissa
    $200 26
(Alex: And that would be "The Brown Bomber", [*].)

Joe Louis

Triple Stumper
    $200 6
Van Gogh

Larissa
    $200 15
an inch

Heather
    $200 1
misery

John
    $200 21
club

Larissa
    $400 8
income

Larissa
    $400 27
Floyd Patterson

John
    $400 12
Abraham Lincoln

Heather
    $400 16
(Larissa: What is a pint?)

a liter

LarissaHeather
    $400 2
power

Heather
    $400 22
clarinet

Heather
    $600 9
Dolley Madison

Larissa
    $600 28
"Jersey Joe"

John
    $600 13
Frida Kahlo

Larissa
    $600 17
gigabytes

Heather
    $600 3
his only begotten son

Larissa
    $600 23
cloning

Heather
    $800 10
the Swamp Fox

Larissa
    $800 29
Holyfield

Heather
    $800 14
(Alexander) Calder

John
    $800 18
(Larissa: What are hands?)

fingers

Larissa
Triple Stumper
    $800 4
Caesar's wife

Larissa
    $800 24
a Clydesdale

Heather
    $2,000 11
Fremont

Larissa
    $1000 30
Lennox Lewis

Larissa
    $1000 20
(Winslow) Homer

Heather
    $1000 19
hertz

Heather
    $1000 5
chastity

Larissa
    $1000 25
clandestine

John

Scores at the first commercial break (after clue 15):

Larissa Heather John
$7,200 $1,000 $1,000

Scores at the end of the Jeopardy! Round:

Larissa Heather John
$7,200 $6,600 $3,000

Double Jeopardy! Round responses

EXPLORERS & VOYAGERS
QUASI-PRESIDENTIAL CINEMA
(There's a president's name in each correct response.)
WRITERS
CHEESY COUNTRIES
(We'll give you the cheese, you tell us which country it's from.)
THE BODY HUMAN
"J" WALKING
    $400 1
a giraffe

John
    $400 4
Mr. Smith Goes to Washington

Heather
    $400 9
Mark Twain

Larissa
    $400 26
U.K. (or England)

Larissa
    $400 21
the femur

Larissa
    $400 14
jumper cables

Larissa
    $2,400 2
kings

John
    $800 5
Coach Carter

Larissa
    $800 10
James Patterson

John
    $800 27
Mexico

Heather
    $800 22
the trachea

Larissa
    $800 16
a Jolly Roger

Heather
    $1200 3
Lake Pontchartrain

Heather
    $1200 6
The Truman Show

Larissa
    $2,200 11
(John: I'm sorry. I don't know.)

James Baldwin

John
    $1200 28
France

Heather
    $1200 23
the patella

Larissa
    $1200 17
a jigger

Heather
    $1600 15
(Henry) Hudson

Heather
    $1600 7
(John: What is The Adventures of [*]?)
(Alex: [*], yes.)

Ford Fairlane

John
    $1600 12
(Patrick) O'Brian

Heather
    $1600 29
Italy

John
    $1600 24
neurotransmitters

Triple Stumper
    $1600 18
Jubal

Heather
    $2000 20
(Vitus) Bering

Larissa
    $2000 8
Billy Madison

John
    $2000 13
James Joyce

Triple Stumper
    $2000 30
(John: What is the Netherlands?)

Switzerland

John
Triple Stumper
    $2000 25
fibrin

Larissa
    $2000 19
a jumpmaster

John

Scores at the end of the Double Jeopardy! Round:

Larissa Heather John
$16,800 $17,000 $9,600

[wagering suggestions for these scores]

Final Jeopardy! Round responses

DEMOGRAPHICS
[ZergCam]
JohnWhat
$2,500
LarissaWhat is smoke?
$16,800
HeatherWhat is execute?
$16,601
smoke

Final scores:

Larissa Heather John
$33,600 $399 $7,100
5-day champion: $179,797 3rd place: $1,000 2nd place: $2,000

Game dynamics:

Coryat scores:

Larissa Heather John
$15,800 $17,000 $10,200
22 R
(including 1 DD),
2 W
20 R,
0 W
12 R
(including 1 DD),
2 W
(including 1 DD)

Combined Coryat: $43,000

[game clues] [game scores] [suggest correction]

Game tape date: 2008-02-20
The J! Archive is created by fans, for fans. Scraping, republication, monetization, and malicious use prohibited; this site may use cookies and collect identifying information. See terms. The Jeopardy! game show and all elements thereof, including but not limited to copyright and trademark thereto, are the property of Jeopardy Productions, Inc. and are protected under law. This website is not affiliated with, sponsored by, or operated by Jeopardy Productions, Inc. Join the discussion at JBoard.tv.